000
00309nam a2200133Ia 4500
005
20251222175934.0
008
251222s9999||||xx |||||||||||||| ||spa||
082
_a
800/R75
100
_a
Rodríguez Clará, María Polar
245
0
_a
N-Bogo
250
_a
1ra.ed.
264
_b
Impresos Ciscar
942
_c
LIB
999
_c
41156
_d
41156